[Event "LSV Turm Lippstadt 1 - Oberhausener SV "]
[Site "NRW-Klasse, Gruppe 1 2014/201"]
[Date "2014.10.05"]
[Round "2.6"]
[White "Roemhild, Marcus"]
[Black "Joergens, Markus"]
[Result "0-1"]
[WhiteElo "2039"]
[BlackElo "2069"]
[PlyCount "126"]
[EventDate "2014.??.??"]
[WhiteTeam "LSV Turm Lippstadt 1"]
[BlackTeam "Oberhausener SV 1"]

1. c4 e6 2. g3 d5 3. Bg2 Nf6 4. Nf3 dxc4 5. O-O Nbd7 6. Qc2 c5 7. Na3 a6 8.
Nxc4 b5 9. Nfe5 bxc4 10. Bxa8 Nxe5 11. b3 Bd7 12. Bg2 cxb3 13. axb3 Bb5 14. d3
Qb6 15. Bb2 Nc6 16. Rfc1 Nb4 17. Qd2 Be7 18. d4 O-O 19. dxc5 Bxc5 20. Qf4 Nbd5
21. Qf3 Bd4 22. Ba3 Bxa1 23. Bxf8 Kxf8 24. Rxa1 Qc5 25. Bf1 Qc2 26. b4 Qb2 27.
Rd1 Qxb4 28. Rc1 g5 29. h3 Kg7 30. Bg2 Qd2 31. Qa3 Qxe2 32. Bf1 Qd2 33. Bg2 Qb4
34. Qa1 Bd3 35. Bxd5 exd5 36. Qe5 Qd2 37. Rc6 Qd1+ 38. Kh2 Qf3 39. Qxg5+ Bg6
40. Kg1 h6 41. Qe3 Qxe3 42. fxe3 Bd3 43. Rc3 Bc4 44. Kg2 Ne4 45. Ra3 Kf6 46.
Kf3 Ke5 47. h4 f5 48. g4 fxg4+ 49. Kxg4 Be2+ 50. Kh3 h5 51. Ra2 Nc3 52. Rc2 d4
53. exd4+ Kxd4 54. Kg3 Kd3 55. Rb2 a5 56. Rb8 a4 57. Ra8 Kc2 58. Kf2 Bg4 59.
Ke3 Bd1 60. Ra7 Kb2 61. Rb7+ Bb3 62. Rh7 a3 63. Rxh5 a2 0-1

[Event "LSV Turm Lippstadt 1 - Oberhausener SV "]
[Site "NRW-Klasse, Gruppe 1 2014/201"]
[Date "2014.10.05"]
[Round "2.7"]
[White "Weyh, Thomas"]
[Black "Chapman, Alan John"]
[Result "0-1"]
[WhiteElo "1991"]
[BlackElo "1998"]
[PlyCount "88"]
[EventDate "2014.??.??"]
[WhiteTeam "Oberhausener SV 1"]
[BlackTeam "LSV Turm Lippstadt 1"]

1. d4 Nf6 2. c4 c5 3. d5 e6 4. Nc3 exd5 5. cxd5 d6 6. Nf3 g6 7. Bf4 Bg7 8. Qa4+
Bd7 9. Qb3 Qc7 10. e4 O-O 11. Be2 b5 12. Bxb5 Nh5 13. Be3 Re8 14. Nd2 f5 15.
exf5 gxf5 16. Be2 f4 17. Bxh5 fxe3 18. Nf3 exf2+ 19. Kxf2 Rf8 20. Rhe1 Bd4+ 21.
Kg3 Bf5 22. h3 Qg7+ 23. Kh2 Bf2 24. Re2 Qg3+ 25. Kh1 Nd7 26. Rf1 Bd4 27. Nxd4
cxd4 28. Ne4 Qh4 29. Qg3+ Qxg3 30. Nxg3 Bd3 31. Rxf8+ Rxf8 32. Re7 Ne5 33. Rxa7
Bc2 34. Rc7 d3 35. Ne4 Rf5 36. g4 Rf4 37. Rc8+ Kg7 38. Rc7+ Kh6 39. Ng3 Kg5 40.
Rxh7 d2 41. h4+ Kxh4 42. Nf5+ Bxf5 43. gxf5 Kg3 44. Rg7+ Ng4 0-1

[Event "LSV Turm Lippstadt 1 - Oberhausener SV "]
[Site "NRW-Klasse, Gruppe 1 2014/201"]
[Date "2014.10.05"]
[Round "2.8"]
[White "Tran, Duc Cuong"]
[Black "Gross, Thomas"]
[Result "0-1"]
[WhiteElo "2098"]
[BlackElo "1920"]
[PlyCount "32"]
[EventDate "2014.??.??"]
[WhiteTeam "LSV Turm Lippstadt 1"]
[BlackTeam "Oberhausener SV 1"]

1. d4 d5 2. c4 c6 3. Nc3 Nf6 4. e3 a6 5. Nf3 b5 6. b3 Bg4 7. h3 Bxf3 8. Qxf3 e5
9. Qd1 Bb4 10. Qd3 bxc4 11. bxc4 exd4 12. Qxd4 O-O 13. cxd5 c5 14. Qd3 Nxd5 15.
Bd2 Nxc3 16. Qc4 Qd5 0-1

[Event "SV Kamen 1 - SV Erkenschwick 1"]
[Site "NRW-Klasse, Gruppe 1 2014/201"]
[Date "2014.10.05"]
[Round "2.1"]
[White "Bitalzadeh, Ali"]
[Black "Weidemann, Christian"]
[Result "0-1"]
[WhiteElo "2357"]
[BlackElo "2224"]
[Annotator "Hausrath,Daniel"]
[PlyCount "66"]
[EventDate "2014.??.??"]
[WhiteTeam "SV Erkenschwick 1"]
[BlackTeam "SV Kamen 1"]

1. c4 Nf6 2. Nc3 d5 3. cxd5 Nxd5 4. g3 e5 5. Bg2 Be6 6. Nf3 Nc6 7. O-O Nb6 8.
d3 f6 9. Be3 Qd7 10. Rc1 Be7 11. Ne4 Nd5 12. Bc5 b6 13. Bxe7 Ndxe7 14. Qc2 Rc8
15. a3 O-O 16. b4 Nd4 17. Nxd4 exd4 18. Qb2 Rfd8 19. Rc2 Qb5 20. Rfc1 c6 21.
Nd2 Bd5 22. Bh3 Rb8 23. a4 Qa6 24. Nc4 c5 25. bxc5 bxc5 26. Qa3 Rb4 27. Nd2
Qxa4 28. Qxa4 Rxa4 29. Rxc5 Ra2 30. Nf3 Rxe2 31. Nxd4 Rd2 32. Bf1 Rb8 33. Re1
Kf8 {ZÜ} 0-1

[Event "SV Kamen 1 - SV Erkenschwick 1"]
[Site "NRW-Klasse, Gruppe 1 2014/201"]
[Date "2014.10.05"]
[Round "2.2"]
[White "Kilian, Ralf"]
[Black "Jens, Jelmer"]
[Result "1/2-1/2"]
[WhiteElo "2133"]
[BlackElo "2342"]
[PlyCount "73"]
[EventDate "2014.??.??"]
[WhiteTeam "SV Kamen 1"]
[BlackTeam "SV Erkenschwick 1"]

1. d4 Nf6 2. c4 g6 3. Nf3 Bg7 4. g3 d5 5. Bg2 O-O 6. cxd5 Nxd5 7. O-O Nb6 8.
Nc3 Nc6 9. e3 Re8 10. b3 e5 11. dxe5 Nxe5 12. Nxe5 Bxe5 13. Bb2 Qe7 14. Qc2 c6
15. Rac1 a5 16. Kh1 a4 17. f4 Bg7 18. e4 axb3 19. axb3 Qb4 20. f5 Nd7 21. Ra1
Rxa1 22. Bxa1 Qe7 23. Qf2 Be5 24. Na4 Bxa1 25. Rxa1 Qb4 26. Qc2 Ne5 27. Rf1 b6
28. Qc3 Qxc3 29. Nxc3 Bb7 30. Na4 Rb8 31. Nxb6 Ba6 32. Nc4 Nxc4 33. bxc4 Bxc4
34. Rc1 Rb4 35. g4 Kg7 36. e5 gxf5 37. gxf5 1/2-1/2

[Event "SV Kamen 1 - SV Erkenschwick 1"]
[Site "NRW-Klasse, Gruppe 1 2014/201"]
[Date "2014.10.05"]
[Round "2.3"]
[White "Erwich, Marc"]
[Black "Kleinegger, Frank"]
[Result "1-0"]
[WhiteElo "2323"]
[BlackElo "2142"]
[PlyCount "71"]
[EventDate "2014.??.??"]
[WhiteTeam "SV Erkenschwick 1"]
[BlackTeam "SV Kamen 1"]

1. e4 e6 2. d4 d5 3. e5 c5 4. c3 Nc6 5. Nf3 Nge7 6. a3 cxd4 7. cxd4 Nf5 8. Be3
Nxe3 9. fxe3 f6 10. exf6 Qxf6 11. Bd3 Bd6 12. Nc3 O-O 13. Qe2 Bd7 14. O-O-O
Rac8 15. Kb1 Qe7 16. h4 Na5 17. Ng5 g6 18. Nxh7 Kxh7 19. h5 Kg7 20. hxg6 Rh8
21. Rdf1 Rxh1 22. Rxh1 Rh8 23. Rxh8 Kxh8 24. Qh5+ Kg8 25. e4 e5 26. Nxd5 Qg7
27. Qg5 Nc6 28. Nf6+ Kf8 29. Nxd7+ Qxd7 30. Qf6+ Ke8 31. g7 Qf7 32. Qxd6 Qxg7
33. d5 Nd4 34. Qb8+ Kf7 35. Qxb7+ Kf6 36. Qxg7+ 1-0

[Event "SV Kamen 1 - SV Erkenschwick 1"]
[Site "NRW-Klasse, Gruppe 1 2014/201"]
[Date "2014.10.05"]
[Round "2.4"]
[White "Himmel, Hansjoerg"]
[Black "Van Beek, Alexander"]
[Result "1-0"]
[WhiteElo "2136"]
[BlackElo "2336"]
[PlyCount "95"]
[EventDate "2014.??.??"]
[WhiteTeam "SV Kamen 1"]
[BlackTeam "SV Erkenschwick 1"]

1. e4 e5 2. Nf3 Nc6 3. Bb5 a6 4. Bxc6 dxc6 5. O-O Qe7 6. d4 exd4 7. Nxd4 Bd7 8.
Nc3 O-O-O 9. Nb3 Qh4 10. Qe2 Nf6 11. f3 Bd6 12. g3 Qh5 13. Be3 Rde8 14. Qf2 Kb8
15. Rad1 g5 16. Rxd6 cxd6 17. Qd2 Re6 18. Nd4 Rhe8 19. Nxe6 Rxe6 20. Bxg5 Bc8
21. Ne2 Nd7 22. h4 Ne5 23. Kg2 Ng6 24. Rh1 Ne5 25. Qe3 f6 26. Nf4 Qf7 27. Nxe6
Qxe6 28. Bf4 Qxa2 29. Qd4 Qe6 30. b3 h5 31. Kf2 Kc7 32. Rd1 Bd7 33. Qd2 Bc8 34.
Qa5+ Kd7 35. Qd2 Ke7 36. Bxe5 Qxe5 37. Qe3 Be6 38. Rd2 Bc8 39. Qd4 Be6 40. Qb6
Qc5+ 41. Qxc5 dxc5 42. Ke3 c4 43. b4 b5 44. Rd1 Bd7 45. c3 Be6 46. Kf4 Bd7 47.
g4 Be8 48. Ra1 1-0

[Event "SV Kamen 1 - SV Erkenschwick 1"]
[Site "NRW-Klasse, Gruppe 1 2014/201"]
[Date "2014.10.05"]
[Round "2.5"]
[White "Erwich, Frank"]
[Black "Georg, Heinz"]
[Result "1/2-1/2"]
[WhiteElo "2290"]
[BlackElo "2160"]
[Annotator "Hausrath,Daniel"]
[PlyCount "105"]
[EventDate "2014.??.??"]
[WhiteTeam "SV Erkenschwick 1"]
[BlackTeam "SV Kamen 1"]

1. c4 f5 2. Nf3 Nf6 3. g3 g6 4. Bg2 Bg7 5. O-O O-O 6. d4 d6 7. Nc3 Qe8 8. Re1
Qf7 9. e4 fxe4 10. Ng5 Qxc4 11. Ngxe4 Nxe4 12. Rxe4 Qf7 13. Rf4 Bf6 14. Nd5 Na6
15. Qb3 c6 16. Nxe7+ Kg7 17. Nxc8 Qxb3 18. axb3 Rfxc8 19. d5 Nc5 20. dxc6 bxc6
21. Rf3 d5 22. b4 Ne4 23. Rfa3 Bd4 24. Bxe4 dxe4 25. Be3 Rd8 26. Bxd4+ Rxd4 27.
Rxa7+ Rxa7 28. Rxa7+ Kh6 $11 29. Rb7 Rd1+ 30. Kg2 Rd2 31. Re7 Rd4 32. h4 Rxb4
33. g4 g5 34. Re6+ Kg7 35. hxg5 c5 36. Kf1 Kf7 37. Re5 Kg6 38. Rxc5 e3 39. fxe3
Rxb2 40. Rf5 Rb4 41. Rf4 Rb2 42. Rf2 Rb4 43. Rf4 Rb2 44. Rf8 Kxg5 45. Rg8+ Kh4
46. g5 Kg4 47. Rg7 Kf3 48. Rf7+ Kxe3 49. Rxh7 Rb5 50. Re7+ Kf4 51. g6 Rg5 52.
g7 Kf5 53. Rf7+ 1/2-1/2

[Event "SV Kamen 1 - SV Erkenschwick 1"]
[Site "NRW-Klasse, Gruppe 1 2014/201"]
[Date "2014.10.05"]
[Round "2.6"]
[White "Huckebrink, Chris"]
[Black "Homs, Guust"]
[Result "1-0"]
[WhiteElo "2066"]
[BlackElo "2162"]
[PlyCount "91"]
[EventDate "2014.??.??"]
[WhiteTeam "SV Kamen 1"]
[BlackTeam "SV Erkenschwick 1"]

1. e4 e5 2. Nf3 Nc6 3. d4 exd4 4. Nxd4 Nf6 5. Nxc6 bxc6 6. Bd3 d5 7. exd5 cxd5
8. O-O Be7 9. Nc3 O-O 10. Bg5 Rb8 11. Rb1 Be6 12. Ne2 h6 13. Bf4 Bd6 14. Qd2 c5
15. Rfe1 Re8 16. b3 Bxf4 17. Nxf4 Qd6 18. c3 Rbd8 19. Rbd1 Kf8 20. f3 Bd7 21.
Rxe8+ Kxe8 22. b4 cxb4 23. cxb4 Kf8 24. Rc1 Rc8 25. Rxc8+ Bxc8 26. Qc3 Bd7 27.
Qd4 Qb6 28. Ne2 Ke7 29. Kf2 Qd6 30. Qc5 Qxc5+ 31. bxc5 Ba4 32. Ke3 Kd7 33. Kd4
Bc6 34. Nf4 g5 35. Bf5+ Ke7 36. Nd3 Bd7 37. Bxd7 Kxd7 38. Ke5 Ke7 39. Nb4 d4
40. Nc6+ Kd7 41. Nxd4 Ne8 42. g4 a5 43. a4 Nc7 44. c6+ Kc8 45. Nb5 Ne6 46. Kd6
1-0

[Event "SV Kamen 1 - SV Erkenschwick 1"]
[Site "NRW-Klasse, Gruppe 1 2014/201"]
[Date "2014.10.05"]
[Round "2.7"]
[White "Eggenstein, Frank"]
[Black "Seepe, Udo"]
[Result "1/2-1/2"]
[WhiteElo "1925"]
[BlackElo "2053"]
[PlyCount "54"]
[EventDate "2014.??.??"]
[WhiteTeam "SV Erkenschwick 1"]
[BlackTeam "SV Kamen 1"]

1. e4 e6 2. d4 d5 3. e5 c5 4. c3 b6 5. Nf3 Qd7 6. Be2 Ba6 7. O-O Bxe2 8. Qxe2
Qa4 9. Bg5 h6 10. Be3 Qa6 11. Qd1 Nd7 12. Nbd2 Ne7 13. b4 Nf5 14. bxc5 bxc5 15.
Nb3 c4 16. Nc1 Ba3 17. Ne2 Rb8 18. Rb1 O-O 19. Qc2 Nb6 20. Bc1 Bxc1 21. Rfxc1
Ne7 22. g4 Qa4 23. Qd2 Nd7 24. Ng3 Rxb1 25. Rxb1 Rb8 26. Rxb8+ Nxb8 27. g5 hxg5
1/2-1/2

[Event "SV Kamen 1 - SV Erkenschwick 1"]
[Site "NRW-Klasse, Gruppe 1 2014/201"]
[Date "2014.10.05"]
[Round "2.8"]
[White "Neumann, Carsten"]
[Black "Strozewski, Frank"]
[Result "0-1"]
[WhiteElo "2010"]
[BlackElo "1955"]
[PlyCount "116"]
[EventDate "2014.??.??"]
[WhiteTeam "SV Kamen 1"]
[BlackTeam "SV Erkenschwick 1"]

1. Nf3 d6 2. d4 g6 3. e4 Bg7 4. Be3 Nc6 5. Nc3 e5 6. d5 Nce7 7. Bb5+ Kf8 8. Nd2
a6 9. Ba4 Bh6 10. Qe2 Kg7 11. f3 f5 12. O-O-O Bxe3 13. Qxe3 f4 14. Qf2 Nf6 15.
g3 Nh5 16. Ne2 Rf8 17. Qg2 b5 18. Bb3 a5 19. c3 Bd7 20. gxf4 Nxf4 21. Nxf4 Rxf4
22. h4 Ng8 23. h5 g5 24. h6+ Nxh6 25. Rdg1 Nf7 26. Nf1 Rf6 27. Ng3 Rg6 28. Bd1
Kg8 29. Qh2 h6 30. f4 gxf4 31. Nf1 Rxg1 32. Rxg1+ Kh7 33. Bh5 Ng5 34. Qh4 Qf6
35. Nd2 Rg8 36. Qh1 Nh3 37. Rf1 Qg7 38. Bf3 Qg1 39. Rxg1 Rxg1+ 40. Qxg1 Nxg1
41. Bg2 Kg6 42. Kd1 Kg5 43. Ke1 Nh3 44. Bf1 Kg4 45. Be2+ Kg3 46. b3 Ng5 47. c4
b4 48. c5 f3 49. c6 Bc8 50. Bf1 h5 51. Nc4 Nxe4 52. a4 Ba6 53. Nxd6 f2+ 54. Kd1
Nc3+ 55. Kc2 Bxf1 56. Nf5+ Kf4 57. d6 cxd6 58. Kd2 Ba6 0-1

[Event "SC Hansa Dortmund 2 - SK Münster 2"]
[Site "NRW-Klasse, Gruppe 1 2014/201"]
[Date "2014.10.05"]
[Round "2.1"]
[White "Emunds, Hans Georg"]
[Black "Zelbel, Patrick"]
[Result "1-0"]
[WhiteElo "2141"]
[BlackElo "2404"]
[PlyCount "85"]
[EventDate "2014.??.??"]
[WhiteTeam "SK Münster 2"]
[BlackTeam "SC Hansa Dortmund 2"]

1. e4 c5 2. Nf3 g6 3. d4 cxd4 4. Nxd4 Nf6 5. Nc3 d6 6. Be3 Bg7 7. f3 Nc6 8. Qd2
O-O 9. Bc4 Bd7 10. h4 h5 11. O-O-O Rc8 12. Bb3 Ne5 13. Kb1 Nc4 14. Bxc4 Rxc4
15. Nde2 Qa5 16. Nd5 Qxd2 17. Nxe7+ Kh7 18. Rxd2 Nxe4 19. fxe4 Rxe4 20. Nd5
Rfe8 21. Nef4 Rxe3 22. Nxe3 Rxe3 23. Rxd6 Bc6 24. Rd3 Re4 25. Nd5 Rg4 26. Rd2
Rxg2 27. Rxg2 Bxd5 28. Rhh2 Bxg2 29. Rxg2 Bf6 30. Rh2 Be5 31. Re2 f6 32. c4 Kh6
33. Kc2 g5 34. Kd3 gxh4 35. Ke4 h3 36. Kf3 h2 37. Kg2 Kg5 38. b4 Kf5 39. c5 Ke6
40. Rd2 Ke7 41. b5 h4 42. a4 Bc7 43. Rd4 1-0

[Event "SC Hansa Dortmund 2 - SK Münster 2"]
[Site "NRW-Klasse, Gruppe 1 2014/201"]
[Date "2014.10.05"]
[Round "2.2"]
[White "Tuncer, Ufuk"]
[Black "Mueschenich, Stefan"]
[Result "1-0"]
[WhiteElo "2333"]
[BlackElo "2082"]
[PlyCount "49"]
[EventDate "2014.??.??"]
[WhiteTeam "SC Hansa Dortmund 2"]
[BlackTeam "SK Münster 2"]

1. e4 Nf6 2. e5 Nd5 3. d4 d6 4. c4 Nb6 5. exd6 exd6 6. Nc3 Nc6 7. h3 Bf5 8. Be3
Be7 9. Nf3 Bf6 10. b3 h6 11. Be2 Qd7 12. Qd2 d5 13. c5 Nc8 14. Nh2 N8e7 15. Ng4
Qe6 16. O-O-O O-O-O 17. Rhe1 h5 18. Nxf6 Qxf6 19. Bg5 Qg6 20. g4 hxg4 21. hxg4
f6 22. Bf4 Be6 23. f3 Qf7 24. Nb5 Rd7 25. Bxc7 1-0

[Event "SC Hansa Dortmund 2 - SK Münster 2"]
[Site "NRW-Klasse, Gruppe 1 2014/201"]
[Date "2014.10.05"]
[Round "2.3"]
[White "Virnyi, Julius"]
[Black "Kotter, Ralf"]
[Result "1/2-1/2"]
[WhiteElo "2043"]
[BlackElo "2262"]
[PlyCount "109"]
[EventDate "2014.??.??"]
[WhiteTeam "SK Münster 2"]
[BlackTeam "SC Hansa Dortmund 2"]

1. Nf3 c5 2. b3 e6 3. Bb2 Nf6 4. g3 b6 5. Bg2 Bb7 6. c4 Be7 7. O-O O-O 8. Nc3
a6 9. e3 d5 10. d4 dxc4 11. bxc4 cxd4 12. exd4 Qc7 13. Qe2 Re8 14. Rac1 Nbd7
15. Rfe1 Rac8 16. Nb1 Bb4 17. Red1 Qb8 18. a3 Bf8 19. Nbd2 b5 20. c5 Bd5 21.
Re1 Qb7 22. Bh3 Nb8 23. Ne5 Nfd7 24. Nd3 Nf6 25. Nb4 Nc6 26. Nxd5 Nxd5 27. Nf3
Rcd8 28. Bg2 Be7 29. Qe4 Bf6 30. Rcd1 Re7 31. Re2 Red7 32. Red2 Na5 33. Rd3 Nc4
34. Bc1 h6 35. h4 b4 36. axb4 Qxb4 37. Bd2 Qa4 38. Rc1 Nb2 39. Re3 Nc4 40. Rd3
Nb2 41. Re3 Nc4 42. Rd3 Nxd2 43. Rxd2 Nc7 44. Rcd1 Nd5 45. Rc1 Rb7 46. Ne5 Rb4
47. c6 Nc7 48. Rcd1 Nb5 49. Nd7 Bxd4 50. c7 Re8 51. Qc6 Nxc7 52. Qxa4 Bxf2+ 53.
Kxf2 Rxa4 54. Ne5 Ra5 55. Rd7 1/2-1/2

[Event "SC Hansa Dortmund 2 - SK Münster 2"]
[Site "NRW-Klasse, Gruppe 1 2014/201"]
[Date "2014.10.05"]
[Round "2.4"]
[White "Karger, Frank"]
[Black "Kubo, Thomas"]
[Result "1-0"]
[WhiteElo "2271"]
[BlackElo "2002"]
[PlyCount "63"]
[EventDate "2014.??.??"]
[WhiteTeam "SC Hansa Dortmund 2"]
[BlackTeam "SK Münster 2"]

1. d4 e6 2. c4 Bb4+ 3. Nd2 b6 4. Ngf3 Bb7 5. e3 Nf6 6. Bd3 c5 7. O-O cxd4 8.
exd4 O-O 9. b3 d5 10. Bb2 Nc6 11. Rc1 Rc8 12. a3 dxc4 13. bxc4 Bd6 14. Re1 Na5
15. Qe2 Bf4 16. Rc2 Bc6 17. Bc3 Nb7 18. Ne5 Ba4 19. Rb2 Nd6 20. Ndf3 Nf5 21. g3
Bxe5 22. dxe5 Nd7 23. Bxf5 exf5 24. e6 fxe6 25. Qxe6+ Kh8 26. Rd2 Re8 27. Qf7
Rg8 28. Re7 Qf8 29. Ng5 Rxc4 30. Qh5 Nf6 31. Bxf6 Rc1+ 32. Kg2 1-0

[Event "SC Hansa Dortmund 2 - SK Münster 2"]
[Site "NRW-Klasse, Gruppe 1 2014/201"]
[Date "2014.10.05"]
[Round "2.5"]
[White "Neuer, Thomas"]
[Black "Sundorf, Jannik"]
[Result "1/2-1/2"]
[WhiteElo "2051"]
[BlackElo "2102"]
[Annotator "Hausrath,Daniel"]
[PlyCount "95"]
[EventDate "2014.??.??"]
[WhiteTeam "SK Münster 2"]
[BlackTeam "SC Hansa Dortmund 2"]

1. Nf3 Nf6 2. g3 b6 3. Bg2 Bb7 4. O-O c5 5. c4 e6 6. Nc3 Be7 7. d4 cxd4 8. Qxd4
d6 9. Bg5 h6 10. Bxf6 Bxf6 11. Qf4 Bxc3 12. bxc3 O-O 13. Rfd1 Na6 14. Rxd6 Qe7
15. Rad1 Rad8 16. Qd4 Rxd6 17. Qxd6 Qxd6 18. Rxd6 Bxf3 19. Bxf3 Nc5 20. Rc6 Rd8
21. Rc7 Rd7 22. Rc8+ Kh7 23. Kg2 Rd2 24. Rc7 Rxa2 25. Rxf7 a5 26. Ra7 Kg6 27.
Bc6 Rxe2 28. h4 h5 29. Ra8 Kf6 30. Rb8 $11 Rb2 31. Bb5 a4 32. Ra8 Ra2 33. Kf3
Rc2 34. Bxa4 Rxc3+ 35. Ke2 Rxc4 36. Be8 Rc2+ 37. Ke3 Rc3+ 38. Ke2 g6 39. Ra7
Ne4 40. Rf7+ Ke5 41. f4+ Kd4 42. Rd7+ Kc4 43. Bxg6 Nxg3+ 44. Kf2 Nf5 45. Rc7+
Kd4 46. Rxc3 Kxc3 47. Bxh5 Kd4 48. Bf7 1/2-1/2

[Event "SC Hansa Dortmund 2 - SK Münster 2"]
[Site "NRW-Klasse, Gruppe 1 2014/201"]
[Date "2014.10.05"]
[Round "2.6"]
[White "Babar, Michael"]
[Black "Quante, Lennart"]
[Result "1/2-1/2"]
[WhiteElo "2048"]
[BlackElo "2003"]
[Annotator "Hausrath,Daniel"]
[PlyCount "96"]
[EventDate "2014.??.??"]
[WhiteTeam "SC Hansa Dortmund 2"]
[BlackTeam "SK Münster 2"]

1. d4 Nf6 2. Nf3 g6 3. b3 Bg7 4. Bb2 d5 5. e3 O-O 6. Nbd2 c5 7. Bd3 cxd4 8.
exd4 Nc6 9. O-O Nb4 10. Be2 Bf5 11. Ne1 Rc8 12. c3 Nc6 13. Bd3 Bd7 14. Nef3 e5
15. dxe5 Ng4 16. Bb5 Ngxe5 17. Bxc6 Nxc6 18. Re1 $11 b5 19. Nd4 b4 20. N2f3 Bg4
21. Qd2 Nxd4 22. Nxd4 bxc3 23. Bxc3 Rxc3 24. Qxc3 Qb6 25. Rad1 Rc8 26. Qxc8+
Bxc8 27. Re8+ Bf8 28. Rxc8 Kg7 29. Rc2 Bc5 30. Rcd2 Bb4 31. Rd3 Bc5 32. g3 Qa6
33. a4 Qb6 34. Kg2 Bxd4 35. Rxd4 Qxb3 36. a5 h5 37. R1d3 Qb7 38. Rxd5 Kf6 39.
Kg1 Qb1+ 40. Rd1 Qb3 41. R1d3 Qb1+ 42. Rd1 Qb3 43. Rd7 Qa4 44. a6 Ke6 45. R1d6+
Ke5 46. Rd5+ Ke6 47. R5d6+ Ke5 48. Rd5+ Ke6 1/2-1/2

[Event "SC Hansa Dortmund 2 - SK Münster 2"]
[Site "NRW-Klasse, Gruppe 1 2014/201"]
[Date "2014.10.05"]
[Round "2.7"]
[White "Holtel, Jasper"]
[Black "Prueske, Wolfgang"]
[Result "1-0"]
[WhiteElo "1949"]
[BlackElo "2079"]
[PlyCount "141"]
[EventDate "2014.??.??"]
[WhiteTeam "SK Münster 2"]
[BlackTeam "SC Hansa Dortmund 2"]

1. e4 c6 2. d4 g6 3. Nf3 Bg7 4. Bd3 d5 5. exd5 cxd5 6. Bf4 Nc6 7. c3 Nf6 8.
Nbd2 O-O 9. O-O Nh5 10. Bg5 f6 11. Bh4 Nf4 12. Bc2 Bf5 13. Bxf5 gxf5 14. Bg3
Ng6 15. Nh4 Nxh4 16. Bxh4 f4 17. Qf3 Qd6 18. Rad1 e6 19. Rfe1 Ne7 20. Qh3 Nf5
21. g4 Ne7 22. f3 Rae8 23. Qf1 Qb6 24. Nb3 Ng6 25. Bf2 f5 26. g5 a5 27. Rd2 Rf7
28. Nc5 Qc6 29. h4 h5 30. Qe2 Rfe7 31. Qd1 b6 32. Qa4 Qc8 33. Nd3 Qa6 34. Qc6
Qb7 35. Rxe6 Qxc6 36. Rxc6 Re6 37. Rxe6 Rxe6 38. Kf1 Kf7 39. Re2 Rc6 40. Kg2 b5
41. a3 Re6 42. Rxe6 Kxe6 43. Nc5+ Ke7 44. Kh3 Bf8 45. Be1 Kf7 46. Nb7 a4 47.
Nd8+ Ke7 48. Nc6+ Kd6 49. Na7 Kc7 50. Nxb5+ Kb6 51. c4 dxc4 52. Nc3 Kc6 53. Bf2
Ne7 54. Nxa4 Nd5 55. Kg2 Bg7 56. Nc3 Ne3+ 57. Bxe3 fxe3 58. Ne2 Kd5 59. Kf1 Bf8
60. Ke1 Bd6 61. Kd1 Be7 62. Kc2 Bd8 63. Nf4+ Kd6 64. Nxh5 Ba5 65. Nf4 Be1 66.
g6 Ke7 67. h5 Kf8 68. h6 Kg8 69. Nd5 Bf2 70. Nf6+ Kf8 71. g7+ 1-0

[Event "SC Hansa Dortmund 2 - SK Münster 2"]
[Site "NRW-Klasse, Gruppe 1 2014/201"]
[Date "2014.10.05"]
[Round "2.8"]
[White "Linker, Walter"]
[Black "Kaufhold, Thomas"]
[Result "0-1"]
[WhiteElo "2050"]
[BlackElo "2005"]
[PlyCount "84"]
[EventDate "2014.??.??"]
[WhiteTeam "SC Hansa Dortmund 2"]
[BlackTeam "SK Münster 2"]

1. f4 d5 2. Nf3 c5 3. e3 Nc6 4. Bb5 Bg4 5. Bxc6+ bxc6 6. b3 e6 7. Bb2 f6 8. O-O
Bd6 9. Qe1 Nh6 10. d3 O-O 11. Nbd2 Qe7 12. Qg3 Rab8 13. e4 Bxf3 14. Qxf3 f5 15.
e5 Bc7 16. h3 Ba5 17. c3 g5 18. Qf2 c4 19. d4 g4 20. Kh1 Rf7 21. Rfb1 cxb3 22.
axb3 Bb6 23. Ba3 Qd8 24. Bd6 Rbb7 25. b4 Rg7 26. Nb3 Nf7 27. Bc5 Nh8 28. Ra2
Ng6 29. Rba1 gxh3 30. gxh3 Qh4 31. Qxh4 Nxh4 32. Bxb6 axb6 33. Ra8+ Kf7 34. Rc8
Rg3 35. Rxc6 Kf8 36. Ra8+ Ke7 37. Ra6 Nf3 38. Ra1 Kf8 39. Ra8+ Kg7 40. Ra1 Kh6
41. Rxe6+ Kh5 42. Rf1 Rbg7 0-1

[Event "SG Niederkassel 1 - SV Letmathe 1"]
[Site "NRW-Klasse, Gruppe 1 2014/201"]
[Date "2014.10.05"]
[Round "2.1"]
[White "Podzielny, Karl-Heinz"]
[Black "Mende, Andreas"]
[Result "1-0"]
[WhiteElo "2419"]
[BlackElo "2138"]
[PlyCount "45"]
[EventDate "2014.??.??"]
[WhiteTeam "SV Letmathe 1"]
[BlackTeam "SG Niederkassel 1"]

1. d4 Nf6 2. Nf3 g6 3. c4 Bg7 4. Nc3 d5 5. Bg5 Ne4 6. cxd5 Nxg5 7. Nxg5 e6 8.
Qd2 h6 9. Nh3 exd5 10. Qe3+ Kf8 11. Nf4 c5 12. O-O-O Nc6 13. dxc5 d4 14. Qf3
Bf5 15. e4 Ne5 16. Qg3 Bg4 17. Be2 Qa5 18. Rxd4 g5 19. Nh5 Bxh5 20. Bxh5 Qxc5
21. Rhd1 Rc8 22. Be2 Ng6 23. Rc4 1-0

[Event "SG Niederkassel 1 - SV Letmathe 1"]
[Site "NRW-Klasse, Gruppe 1 2014/201"]
[Date "2014.10.05"]
[Round "2.2"]
[White "Bussard, Christian"]
[Black "Adamski, Jan"]
[Result "0-1"]
[WhiteElo "2111"]
[BlackElo "2276"]
[Annotator "Hausrath,Daniel"]
[PlyCount "49"]
[EventDate "2014.??.??"]
[WhiteTeam "SG Niederkassel 1"]
[BlackTeam "SV Letmathe 1"]

1. d4 Nf6 2. c4 e6 3. Nf3 Bb4+ 4. Bd2 Qe7 5. Qc2 Bxd2+ 6. Nbxd2 d6 7. e3 e5 8.
Bd3 O-O 9. O-O Re8 10. dxe5 dxe5 11. Bf5 e4 12. Bxc8 Rxc8 13. Nd4 c5 14. Nf5
Qe5 15. Ng3 Re8 16. Rfd1 Nc6 17. a3 h5 18. Ndxe4 Nxe4 19. Rd5 Qe6 20. Nxh5 Rad8
21. Nf4 Qe7 22. Rad1 Nf6 23. Rxd8 Rxd8 24. Rxd8+ Qxd8 25. h3 {Rest unleserlich!
} 0-1

[Event "SG Niederkassel 1 - SV Letmathe 1"]
[Site "NRW-Klasse, Gruppe 1 2014/201"]
[Date "2014.10.05"]
[Round "2.3"]
[White "Soukup, Jiri"]
[Black "Broehl, Stephan"]
[Result "1/2-1/2"]
[WhiteElo "2315"]
[BlackElo "2132"]
[PlyCount "95"]
[EventDate "2014.??.??"]
[WhiteTeam "SV Letmathe 1"]
[BlackTeam "SG Niederkassel 1"]

1. e4 c6 2. f4 d5 3. e5 c5 4. d4 Nc6 5. c3 cxd4 6. cxd4 Nh6 7. Nc3 Bg4 8. Be2
Bxe2 9. Ncxe2 e6 10. a3 Nf5 11. Nf3 h5 12. b4 Be7 13. O-O Qb6 14. Qd3 a6 15.
Ra2 g6 16. Rc2 Kf8 17. g3 Kg7 18. h3 Rac8 19. Kg2 Qb5 20. Qd2 Na7 21. Rxc8 Nxc8
22. g4 hxg4 23. hxg4 Nh4+ 24. Nxh4 Rxh4 25. Rh1 Rxh1 26. Kxh1 Qe8 27. f5 Qh8+
28. Kg2 gxf5 29. gxf5 exf5 30. Ng3 Nb6 31. Nxf5+ Kf8 32. Qe2 Qg8+ 33. Kf1 Qg6
34. Qf3 Bg5 35. Bxg5 Qxg5 36. Nd6 Qc1+ 37. Kg2 Qd2+ 38. Qf2 Qg5+ 39. Kf1 Qc1+
40. Ke2 Qc2+ 41. Kf3 Qd3+ 42. Qe3 Qxe3+ 43. Kxe3 Nc4+ 44. Kf4 Nxa3 45. Kf5 Kg7
46. e6 fxe6+ 47. Kxe6 Nc2 48. Kxd5 1/2-1/2

[Event "SG Niederkassel 1 - SV Letmathe 1"]
[Site "NRW-Klasse, Gruppe 1 2014/201"]
[Date "2014.10.05"]
[Round "2.4"]
[White "Riedel, Holger"]
[Black "Gruermann, Martin"]
[Result "0-1"]
[WhiteElo "2153"]
[BlackElo "2090"]
[PlyCount "116"]
[EventDate "2014.??.??"]
[WhiteTeam "SG Niederkassel 1"]
[BlackTeam "SV Letmathe 1"]

1. Nf3 c5 2. e3 g6 3. d4 Nf6 4. Be2 Bg7 5. O-O Qc7 6. a3 b6 7. c4 O-O 8. Nc3
cxd4 9. exd4 Ba6 10. Qa4 d5 11. b3 Qd7 12. Ne5 Qxa4 13. bxa4 Rc8 14. Re1 e6 15.
Bg5 Ne4 16. Nxe4 dxe4 17. Bf4 f6 18. Ng4 f5 19. Ne5 Nc6 20. Nxc6 Rxc6 21. d5
Rcc8 22. Rac1 exd5 23. cxd5 Rxc1 24. Bxc1 Bxe2 25. Rxe2 Rc8 26. Bf4 Be5 27. Bh6
Kf7 28. f3 Bd4+ 29. Kf1 exf3 30. gxf3 Rd8 31. Bg5 Bf6 32. Bxf6 Kxf6 33. Re6+
Kf7 34. Rc6 Ke7 35. Re6+ Kd7 36. Ke2 Kc7 37. Re5 Kd6 38. Re6+ Kxd5 39. Re7 a5
40. Rxh7 Kc4 41. Rh6 Rg8 42. h4 Kb3 43. h5 gxh5 44. Rxb6+ Kxa3 45. Rh6 Kxa4 46.
Rxh5 Rf8 47. Rh1 Rd8 48. Ra1+ Kb5 49. Rb1+ Ka6 50. Ke3 Rd5 51. Kf4 a4 52. Kg5
Ka5 53. f4 a3 54. Kf6 Ka4 55. Ke6 Ra5 56. Ra1 Kb3 57. Rb1+ Kc2 58. Ra1 a2 0-1